Bioprodukty nakupuje necelá tretina Slovákov
Bioprodukty a ekologicky šetrné produkty sú čoraz populárnejšie. Dokazuje to neustále narastajúca sieť predajní s bioproduktami, rozširovanie sortimentu bioproduktov v sieťach obchodných reťazcov. Z bioproduktov nakupujú Slováci najmä potraviny. Prečo väčšina Slovákov (67 %) bioprodukty nenakupuje.
Gespeichert in:
| Format: | Buchkapitel |
|---|---|
| Sprache: | Slowakisch |
| Schlagworte: | |
| Tags: |
Keine Tags, Fügen Sie das erste Tag hinzu!
|
MARC
| LEADER | 00000naa a2200000 4500 | ||
|---|---|---|---|
| 001 | 0214389 | ||
| 005 | 20231011070504.0 | ||
| 041 | 0 | |a slo | |
| 044 | |a SK | ||
| 245 | 1 | 0 | |a Bioprodukty nakupuje necelá tretina Slovákov |
| 520 | |a Bioprodukty a ekologicky šetrné produkty sú čoraz populárnejšie. Dokazuje to neustále narastajúca sieť predajní s bioproduktami, rozširovanie sortimentu bioproduktov v sieťach obchodných reťazcov. Z bioproduktov nakupujú Slováci najmä potraviny. Prečo väčšina Slovákov (67 %) bioprodukty nenakupuje. | ||
| 610 | 2 | 0 | |a bioprodukty |
| 610 | 2 | 0 | |a biopotraviny |
| 610 | 2 | 0 | |a ceny |
| 610 | 2 | 0 | |a správanie spotrebiteľa |
| 610 | 2 | 0 | |a Slovensko |